000 01026nam a2200241 a 4500
001 000009916
005 20240412074213.0
008 091002s1983 dr ag r 000 p spa d
040 _aDO-SdBNP
_bspa
_cBNPHU
082 _aRD861.44
_aD568v
100 1 _aDíez, Meche
_924844
245 1 0 _aVeintiocho veces :
_bpoemas y canciones /
_cMeche Díez ; prólogo Manuel Rueda.
260 _aSanto Domingo :
_bCorripio,
_c1983.
300 _a114 p. :
_bil. ;
_c15 cm.
586 _a6mo. Lugar en el Primer Festival Mundial de la Canción Hispanoamericana (OTI), celebrado en Madrid, España.
586 _aLa canción Pór que te marchaste, obtuvo el segundo lugar en el VII Festival de la Canción dominicana (AMUCABA), celebrado en el Palacio de Bellas Artes de Santo Domingo.
590 _aInventariado, 2018/BT
650 0 _aPoesía dominicana
_966
650 0 _aLiteratura dominicana.
_967
650 4 _aCanciones dominicanas
_919584
700 1 2 _aRueda, Manuel
_epról.
_919958
910 _aValidado. Control de calidad. MMOLINA
999 _c9675
_d9675